000 00383nam a2200169Ia 4500
008 221030s9999 xx 000 0 und d
020 _a0070447594
041 _aEnglish
082 _a105.23
_bTha
100 _aS. T. Selvi
245 0 _aTest Your Skills in C
260 _bTMH
_aNew Delhi
_c2006
300 _a263
650 _aComputers
700 _aR. Murrugesan
942 _cBK
999 _c3402
_d3402